• 首页
  • 本馆介绍
  • 公告通知
  • 最新文献
  • 馆藏检索
  • 电子资源
  • 读者导购
  • 参考咨询
  • 我的图书馆
  • 登录
  • 详细信息显示
  • 放入我的书架
  • 预约/预借图书
  • 作者相关作品
  • 分类相关作品
  • 丛书相关作品
  • 出版社相关作品

书目信息

  • 表格格式
  • 工作单格式
  • 卡片格式
题名:
从一到无穷大
    
 
作者: 盖莫夫 , Gamow 著 ;暴永宁 译
分册:  
出版信息: 北京   科学出版社  1978
页数: 308页
开本: 19cm
丛书名:
单 册:
中图分类: N51
科图分类:
主题词: 科学知识--普及读物 , 自然科学--丛书 , 自然科学--多卷书
电子资源:
ISBN:
000 00902nam0 2200301 45
001 0178001107
005 20070720161026.03
010    @dCNY0.68
091    @a13031.841
100    @a19950726d1978 em y0chiy0121 ea
101 1  @achi@ceng
102    @aCN@b110000
105    @ay z 000yy
200 10 @a从一到无穷大@Acong yi dao wu qiong da@e科学中的事实和臆测@f(美)盖莫夫(G.Gamow)著@g暴永宁译
210    @a北京@c科学出版社@d1978
215    @a308页@d19cm
300    @a书名原文:One,two three,…infinitg
510 1  @aOne,two three,…infinitg@zeng
517 1  @a科学中的事实和臆测@Ake xue zhong de shi shi he yi ce
606    @a科学知识@x普及读物
606 0  @a自然科学@x丛书
606 0  @a自然科学@x多卷书
690    @aN51
701  1 @a盖莫夫@Agai mo fu@bG.@4著
701 A1 @aGamow@bG.@4著
702  0 @a暴永宁@Abao yong ning@4译
801  0 @aCN@bNLC@c20070720
905    @f1@b5630@dN51@e1
    
    从一到无穷大:科学中的事实和臆测/(美)盖莫夫(G.Gamow)著/暴永宁译.-北京:科学出版社,1978
    308页;19cm
    书名原文:One,two three,…infinitg
    
    ISBN :CNY0.68
    
●
相关链接 在E读中查询图书 在五车中查询图书 在当当中查询图书 在豆瓣中查询图书


正题名:从一到无穷大     索取号:N51/1         预约/预借

序号 登录号 条形码 馆藏地/架位号 状态 备注
1 0002701   001232348   第二样本阅览室/ [索取号:N51/1] 在馆    
2 0005630   001232295   第三借阅区/ [索取号:N51/1] 在馆    
3 0451688   204516880   密集书库/ [索取号:N51/1] 在馆    
4 0458845   204588455   密集书库/ [索取号:N51/1] 在馆    
5 0458846   204588464   密集书库/ [索取号:N51/1] 在馆    
6 0465742   204657424   密集书库/ [索取号:N51/1] 在馆    
7 0470328   204703286   密集书库/ [索取号:N51/1] 在馆    
8 0768977   207689777   密集书库/ [索取号:N51/1] 在馆    
唐山师范学院图书馆 欢迎您!
大连网信软件有限公司© 版权所有